[Event "Andorra Open"]
[Site "Escaldes"]
[Date "2019.08.01"]
[Round "6.23"]
[White "Palacios Herrero, Pablo"]
[Black "Estadieu, Romeo"]
[Result "1-0"]
[WhiteElo "2248"]
[BlackElo "2114"]
[PlyCount "81"]
[EventDate "2019.??.??"]
[EventCountry "AND"]

1. e4 e6 2. Qe2 c5 3. Nf3 Nc6 4. c3 Nf6 5. g3 d5 6. d3 b6 7. Bg2 Ba6 8. e5 Nd7
9. O-O Qc7 10. Re1 h6 11. h4 O-O-O 12. c4 d4 13. Na3 Bb7 14. Bd2 Qb8 15. Nc2 a5
16. a3 Qa8 17. b4 Re8 18. bxa5 Nxa5 19. Reb1 Be7 20. Bxa5 Qxa5 21. Rb5 Qa8 22.
Rab1 Bd8 23. Nce1 Bc7 24. a4 Bc6 25. Nd2 Bxg2 26. Nxg2 Qc6 27. a5 Kd8 28. axb6
Bxb6 29. h5 f6 30. exf6 gxf6 31. Nf4 Bc7 32. Ng6 Rhg8 33. Qe4 Qxe4 34. Nxe4 Bb6
35. Rxb6 Nxb6 36. Rxb6 Kc7 37. Rb5 Rb8 38. Rxc5+ Kd7 39. Nxf6+ Kd6 40. Ne4+ Kd7
41. Ne5+ 1-0

[Event "Andorra Open"]
[Site "Escaldes"]
[Date "2019.08.01"]
[Round "6.24"]
[White "Añó Tafalla, Santiago"]
[Black "Fernandez De Bobadilla, Gabriel"]
[Result "1/2-1/2"]
[WhiteElo "2105"]
[BlackElo "2231"]
[PlyCount "77"]
[EventDate "2019.??.??"]
[EventCountry "AND"]

1. d4 d5 2. c4 e6 3. Nc3 c6 4. cxd5 exd5 5. Nf3 Bf5 6. g3 Nf6 7. Bg2 h6 8. O-O
Be7 9. Ne5 Nbd7 10. e3 O-O 11. f4 Bb4 12. Qb3 Bxc3 13. bxc3 Qc7 14. c4 dxc4 15.
Qxc4 Nb6 16. Qe2 Be4 17. Bxe4 Nxe4 18. Qc2 f5 19. g4 Qd8 20. gxf5 Qd5 21. Ng6
Rf7 22. Qb3 Qxb3 23. axb3 a6 24. Kg2 Nd5 25. Kf3 Ndf6 26. Ne5 Re7 27. Ra2 Rd8
28. Ba3 Ree8 29. Rg2 Rc8 30. Re1 Kh7 31. Reg1 Rc7 32. Ng6 Kg8 33. Ne5 Kh7 34.
Rc1 Rcc8 35. Bb4 Rc7 36. Ba3 Rcc8 37. h3 Kg8 38. Bb4 Rc7 39. Ba3 1/2-1/2

[Event "Andorra Open"]
[Site "Escaldes"]
[Date "2019.08.01"]
[Round "6.25"]
[White "Romero Pallares, Daniel"]
[Black "Varnam, Liam D"]
[Result "1-0"]
[WhiteElo "2230"]
[BlackElo "2097"]
[PlyCount "63"]
[EventDate "2019.??.??"]
[EventCountry "AND"]

1. e4 c5 2. Nf3 Nc6 3. Bb5 g6 4. Bxc6 dxc6 5. d3 Bg7 6. h3 Nf6 7. Nc3 O-O 8.
Be3 Nd7 9. Qd2 e5 10. g4 Qf6 11. Ke2 Re8 12. Rag1 Qd6 13. Ke1 Nf8 14. h4 Ne6
15. Ne2 Nd4 16. Nfxd4 cxd4 17. Bh6 Bxh6 18. Qxh6 Qf8 19. Qd2 f6 20. f4 exf4 21.
Qxf4 Qb4+ 22. Kd1 Rf8 23. g5 fxg5 24. Qxg5 Qxb2 25. h5 Qb1+ 26. Kd2 Qb4+ 27.
Kc1 Qa3+ 28. Kd1 Qxa2 29. hxg6 Qb1+ 30. Nc1 Rf2 31. Qd8+ Kg7 32. Rxh7# 1-0

[Event "Andorra Open"]
[Site "Escaldes"]
[Date "2019.08.02"]
[Round "7.3"]
[White "Fedorchuk, Sergey A"]
[Black "Narciso Dublan, Marc"]
[Result "0-1"]
[WhiteElo "2633"]
[BlackElo "2489"]
[PlyCount "72"]
[EventDate "2019.??.??"]
[EventCountry "AND"]
[WhiteClock "0:00:52"]
[BlackClock "0:00:58"]

1. e4 {[%emt 0:02:18]} c6 {[%emt 0:00:19]} 2. d4 {[%emt 0:02:02]} d5 {[%emt 0:
00:07]} 3. e5 {[%emt 0:02:38]} c5 {[%emt 0:00:14]} 4. dxc5 {[%emt 0:03:41]} e6
{[%emt 0:00:14]} 5. c3 {[%emt 0:13:56]} Nc6 {[%emt 0:04:29]} 6. b4 {[%emt 0:10:
29]} Nxe5 {[%emt 0:00:56]} 7. Bf4 {[%emt 0:00:48]} Ng6 {[%emt 0:02:16]} 8. Bg3
{[%emt 0:01:40]} Nf6 {[%emt 0:00:51]} 9. Nd2 {[%emt 0:01:00]} Bd7 {[%emt 0:05:
39]} 10. h4 {[%emt 0:02:36]} b6 {[%emt 0:03:15]} 11. h5 {[%emt 0:10:16]} Ne7 {
[%emt 0:00:12]} 12. h6 {[%emt 0:00:12]} bxc5 {[%emt 0:07:00]} 13. bxc5 {[%emt
0:00:05]} Qa5 {[%emt 0:11:12]} 14. Be5 {[%emt 0:02:05]} Ng6 {[%emt 0:01:38]}
15. Nb3 {[%emt 0:00:35]} Qa4 {[%emt 0:00:12]} 16. Bd4 {[%emt 0:00:59]} e5 {
[%emt 0:03:27]} 17. Be3 {[%emt 0:06:44]} gxh6 {[%emt 0:10:38]} 18. Nf3 {[%emt
0:03:35]} Bg7 {[%emt 0:09:25]} 19. Bxh6 {[%emt 0:03:32]} Bxh6 {[%emt 0:06:57]}
20. Rxh6 {[%emt 0:00:05]} O-O {[%emt 0:00:17]} 21. Be2 {[%emt 0:03:46]} Ng4 {
[%emt 0:08:22]} 22. Rh1 {[%emt 0:02:36]} Nf4 {[%emt 0:04:16]} 23. Nh4 {[%emt 0:
11:04]} f5 {[%emt 0:05:02]} 24. Qd2 {[%emt 0:01:56]} Rf7 {[%emt 0:04:42]} 25.
f3 {[%emt 0:06:01]} Nf6 {[%emt 0:05:07]} 26. Bd1 {[%emt 0:01:07]} Qa6 {[%emt 0:
04:27]} 27. Bc2 {[%emt 0:00:33]} Rg7 {[%emt 0:00:12]} 28. Rh2 {[%emt 0:03:53]}
N6h5 {[%emt 0:00:35]} 29. c6 {[%emt 0:03:56]} Ng3 {[%emt 0:00:57]} 30. O-O-O {
[%emt 0:00:39]} Qxc6 {[%emt 0:00:48]} 31. Kb2 {[%emt 0:00:09]} Rc8 {[%emt 0:00:
56]} 32. Re1 {[%emt 0:00:14]} Qd6 {[%emt 0:01:10]} 33. Qe3 {[%emt 0:00:24]} e4
{[%emt 0:00:27]} 34. Rd1 {[%emt 0:01:07]} Nfe2 {[%emt 0:00:34]} 35. f4 {[%emt
0:00:30]} Nxc3 {[%emt 0:00:29]} 36. Rd2 {[%emt 0:00:15]} Nf1 {[%emt 0:00:20]}
0-1

[Event "Andorra Open"]
[Site "Escaldes"]
[Date "2019.08.02"]
[Round "7.6"]
[White "Rychagov, Andrey"]
[Black "Henderson De La Fuente, Lance"]
[Result "1/2-1/2"]
[WhiteElo "2537"]
[BlackElo "2471"]
[PlyCount "127"]
[EventDate "2019.??.??"]
[EventCountry "AND"]
[WhiteClock "0:01:28"]
[BlackClock "0:02:40"]

1. d4 {[%emt 0:00:03]} Nf6 {[%emt 0:00:14]} 2. c4 {[%emt 0:00:07]} e6 {[%emt 0:
00:07]} 3. Nf3 {[%emt 0:00:12]} b6 {[%emt 0:00:07]} 4. g3 {[%emt 0:00:40]} Ba6
{[%emt 0:00:39]} 5. Qb3 {[%emt 0:01:12]} Nc6 {[%emt 0:01:28]} 6. Nbd2 {[%emt 0:
01:08]} Na5 {[%emt 0:02:01]} 7. Qc3 {[%emt 0:01:19]} c5 {[%emt 0:00:47]} 8.
dxc5 {[%emt 0:00:48]} bxc5 {[%emt 0:00:23]} 9. e4 {[%emt 0:00:50]} Bb7 {[%emt
0:02:06]} 10. e5 {[%emt 0:05:42]} Ne4 {[%emt 0:00:26]} 11. Nxe4 {[%emt 0:00:05]
} Bxe4 {[%emt 0:00:05]} 12. Bg2 {[%emt 0:00:40]} Be7 {[%emt 0:01:28]} 13. O-O {
[%emt 0:01:12]} O-O {[%emt 0:00:36]} 14. Qe3 {[%emt 0:13:47]} Bxf3 {[%emt 0:13:
58]} 15. Bxf3 {[%emt 0:00:13]} Rb8 {[%emt 0:00:21]} 16. b3 {[%emt 0:10:53]} f6
{[%emt 0:11:09]} 17. Bd2 {[%emt 0:01:51]} fxe5 {[%emt 0:03:10]} 18. Rad1 {
[%emt 0:02:22]} Nb7 {[%emt 0:16:18]} 19. Bc3 {[%emt 0:15:51]} Nd6 {[%emt 0:00:
59]} 20. Bg4 {[%emt 0:02:38]} e4 {[%emt 0:07:24]} 21. Be5 {[%emt 0:11:09]} Rb6
{[%emt 0:00:05]} 22. Bxd6 {[%emt 0:05:27]} Bxd6 {[%emt 0:05:20]} 23. Qxe4 {
[%emt 0:00:42]} Be7 {[%emt 0:03:34]} 24. Qd3 {[%emt 0:04:49]} Rb7 {[%emt 0:01:
56]} 25. Qe3 {[%emt 0:00:48]} Rf6 {[%emt 0:18:11]} 26. Rd3 {[%emt 0:00:29]} Qe8
{[%emt 0:01:15]} 27. f4 {[%emt 0:04:34]} Bf8 {[%emt 0:03:15]} 28. f5 {[%emt 0:
03:39]} Qf7 {[%emt 0:02:09]} 29. Rfd1 {[%emt 0:03:33]} g6 {[%emt 0:02:24]} 30.
fxe6 {[%emt 0:02:03]} dxe6 31. Rd8 {[%emt 0:00:40]} h5 {[%emt 0:01:12]} 32. Bh3
{[%emt 0:00:19]} Kh7 {[%emt 0:00:28]} 33. Bg2 {[%emt 0:01:57]} Rc7 {[%emt 0:00:
05]} 34. Be4 {[%emt 0:00:11]} Be7 {[%emt 0:02:20]} 35. R8d7 {[%emt 0:01:02]}
Rxd7 {[%emt 0:00:05]} 36. Rxd7 {[%emt 0:00:03]} Rf1+ {[%emt 0:01:16]} 37. Kg2 {
[%emt 0:00:04]} Ra1 {[%emt 0:00:15]} 38. Qe2 {[%emt 0:03:08]} h4 {[%emt 0:00:
44]} 39. gxh4 {[%emt 0:00:52]} Kg8 {[%emt 0:00:19]} 40. Bf3 {[%emt 0:01:44]}
Qf6 {[%emt 0:00:59]} 41. Rxa7 {[%emt 0:14:39]} Rb1 {[%emt 0:09:22]} 42. Rd7 {
[%emt 0:00:43]} Rb2 {[%emt 0:00:35]} 43. Rd2 {[%emt 0:00:03]} Rxd2 {[%emt 0:00:
05]} 44. Qxd2 {[%emt 0:00:02]} Qxh4 {[%emt 0:05:02]} 45. a4 {[%emt 0:03:32]}
Bg5 {[%emt 0:03:07]} 46. Qd3 {[%emt 0:04:18]} Kf7 {[%emt 0:01:29]} 47. Qd7+ {
[%emt 0:02:37]} Be7 {[%emt 0:05:05]} 48. h3 {[%emt 0:00:15]} Qe1 {[%emt 0:00:
07]} 49. Bg4 {[%emt 0:06:43]} Qe4+ {[%emt 0:00:38]} 50. Kf1 {[%emt 0:00:20]}
Qb1+ {[%emt 0:01:10]} 51. Ke2 {[%emt 0:00:20]} Qb2+ {[%emt 0:01:14]} 52. Kf1 {
[%emt 0:00:14]} Qxb3 {[%emt 0:02:25]} 53. Qxe6+ {[%emt 0:02:23]} Kf8 54. a5 {
[%emt 0:00:54]} Qb1+ {[%emt 0:00:47]} 55. Qe1 {[%emt 0:00:31]} Qb7 {[%emt 0:03:
43]} 56. Qc3 {[%emt 0:01:14]} Qh1+ {[%emt 0:00:51]} 57. Ke2 {[%emt 0:00:03]}
Qg2+ {[%emt 0:00:23]} 58. Kd1 {[%emt 0:00:27]} Qf1+ {[%emt 0:00:29]} 59. Kc2 {
[%emt 0:00:28]} Bf6 {[%emt 0:00:06]} 60. Qd3 {[%emt 0:00:34]} Qa1 {[%emt 0:02:
01]} 61. Qd6+ {[%emt 0:00:13]} Kg7 {[%emt 0:00:34]} 62. Qd7+ {[%emt 0:00:53]}
Kh6 {[%emt 0:00:15]} 63. Qd2+ {[%emt 0:00:09]} Kg7 {[%emt 0:00:23]} 64. Qd7+ {
[%emt 0:00:33]} 1/2-1/2

[Event "Andorra Open"]
[Site "Escaldes"]
[Date "2019.08.02"]
[Round "7.9"]
[White "Roberson, Peter T"]
[Black "Asis Gargatagli, Hipolito"]
[Result "1/2-1/2"]
[WhiteElo "2429"]
[BlackElo "2506"]
[PlyCount "63"]
[EventDate "2019.??.??"]
[EventCountry "AND"]

1. e4 e5 2. Nf3 Nc6 3. Bb5 g6 4. d4 exd4 5. c3 a6 6. Bxc6 dxc6 7. cxd4 Bg7 8.
h3 h6 9. Nc3 Ne7 10. Bf4 g5 11. Bg3 O-O 12. Qb3 a5 13. O-O Ra6 14. Na4 Kh7 15.
Rfe1 f5 16. exf5 Nxf5 17. Be5 Bxe5 18. dxe5 Qe7 19. Qc2 c5 20. g4 Rg6 21. gxf5
Rxf5 22. Nh2 g4 23. hxg4 Qh4 24. Re3 Rf4 25. Rg3 Bxg4 26. Nxc5 Bf5 27. Qb3 Rxf2
28. Qf7+ Kh8 29. Qf8+ Kh7 30. Qf7+ Kh8 31. Qe8+ Kh7 32. Qf7+ 1/2-1/2

[Event "Andorra Open"]
[Site "Escaldes"]
[Date "2019.08.02"]
[Round "7.10"]
[White "Garcia Trobat, Francisco"]
[Black "Vavulin, Maxim"]
[Result "0-1"]
[WhiteElo "2183"]
[BlackElo "2561"]
[PlyCount "72"]
[EventDate "2019.??.??"]
[EventCountry "AND"]

1. d4 Nf6 2. Nf3 e6 3. c4 b6 4. Nc3 Bb7 5. a3 d5 6. cxd5 Nxd5 7. Qc2 Nxc3 8.
bxc3 Nd7 9. e4 c5 10. Bf4 Rc8 11. d5 c4 12. dxe6 fxe6 13. Rd1 b5 14. Be2 Bxa3
15. Ne5 Bc6 16. Bh5+ g6 17. Nxg6 hxg6 18. e5 Qa5 19. Qxg6+ Kd8 20. O-O Kc7 21.
Qxe6 Nc5 22. Qf7+ Kb6 23. Rd6 Rhd8 24. Bg4 Qxc3 25. Bxc8 Rxc8 26. e6 Qh8 27.
Be3 Qe5 28. Rfd1 Rc7 29. Qf3 Kb7 30. Rxc6 Rxc6 31. Bd4 Qxe6 32. Qxa3 Qd5 33.
Qa5 a6 34. Qc3 Rd6 35. Qe3 Ne6 36. Re1 Nxd4 0-1

[Event "Andorra Open"]
[Site "Escaldes"]
[Date "2019.08.02"]
[Round "7.11"]
[White "Cuartas, Jaime Alexander"]
[Black "Gaudineau, Eric"]
[Result "1-0"]
[WhiteElo "2542"]
[BlackElo "2372"]
[PlyCount "49"]
[EventDate "2019.??.??"]
[EventCountry "AND"]

1. e4 e5 2. Nf3 Nc6 3. Bb5 a6 4. Ba4 Nf6 5. O-O b5 6. Bb3 Bb7 7. d3 Be7 8. Nc3
d6 9. a3 O-O 10. Bd2 Na5 11. Ba2 c5 12. Nd5 Nc6 13. Nxe7+ Qxe7 14. Nh4 Nd4 15.
c3 Nxe4 16. dxe4 Qxh4 17. cxd4 Qxe4 18. f3 Qxd4+ 19. Rf2 c4 20. Bc3 Qb6 21. b3
Rfe8 22. bxc4 bxc4 23. Bxc4 Qc7 24. Qb3 Rab8 25. Ba5 1-0

[Event "Andorra Open"]
[Site "Escaldes"]
[Date "2019.08.02"]
[Round "7.12"]
[White "Stella, Andrea"]
[Black "Palacios Herrero, Pablo"]
[Result "1-0"]
[WhiteElo "2511"]
[BlackElo "2248"]
[PlyCount "71"]
[EventDate "2019.??.??"]
[EventCountry "AND"]

1. d4 d5 2. c4 e6 3. Nc3 Bb4 4. e3 Nf6 5. a3 Bxc3+ 6. bxc3 c6 7. cxd5 cxd5 8.
Bd3 O-O 9. Ne2 b6 10. f3 Ba6 11. Bxa6 Nxa6 12. Qd3 Qc8 13. e4 Qc4 14. Qxc4 dxc4
15. Rb1 Nd7 16. O-O Rac8 17. a4 Ndb8 18. a5 Nd7 19. axb6 axb6 20. Bf4 Nab8 21.
Rfd1 Rfe8 22. d5 exd5 23. Rxd5 Re6 24. Nd4 Rf6 25. Bg5 Rg6 26. Nf5 Nc6 27. Rxd7
Rxg5 28. Rxb6 Ne5 29. Rd5 Rxf5 30. exf5 Nd3 31. Rdb5 h6 32. Rb8 Rxb8 33. Rxb8+
Kh7 34. Rc8 Nb2 35. Rc7 Kg8 36. g4 1-0

[Event "Andorra Open"]
[Site "Escaldes"]
[Date "2019.08.02"]
[Round "7.13"]
[White "Admiraal, Miguoel"]
[Black "Van Der Lende, Ilias"]
[Result "1/2-1/2"]
[WhiteElo "2504"]
[BlackElo "2350"]
[PlyCount "69"]
[EventDate "2019.??.??"]
[EventCountry "AND"]

1. c4 c5 2. Nf3 b6 3. d4 cxd4 4. Nxd4 Bb7 5. Nc3 g6 6. e4 Bg7 7. Be3 Nc6 8. g3
Nf6 9. Bg2 Ng4 10. Qxg4 Nxd4 11. Qd1 Ne6 12. Rc1 Rc8 13. b3 O-O 14. O-O Nc5 15.
Re1 a6 16. Qd2 d6 17. Bd4 Bxd4 18. Qxd4 b5 19. cxb5 axb5 20. Nxb5 Ba6 21. Bf1
Bxb5 22. Bxb5 Qa5 23. Bc4 Qxa2 24. b4 Ne6 25. Bxe6 Qxe6 26. b5 Rxc1 27. Rxc1
Qb3 28. b6 Rb8 29. Kg2 f6 30. Rc7 Qxb6 31. Qxb6 Rxb6 32. Rxe7 d5 33. exd5 Rd6
34. f4 Rxd5 35. Kf3 1/2-1/2

[Event "Andorra Open"]
[Site "Escaldes"]
[Date "2019.08.02"]
[Round "7.14"]
[White "Roselli Mailhe, Bernardo"]
[Black "Romero Pallares, Daniel"]
[Result "1-0"]
[WhiteElo "2471"]
[BlackElo "2230"]
[PlyCount "83"]
[EventDate "2019.??.??"]
[EventCountry "AND"]

1. d4 f5 2. Nf3 Nf6 3. g3 g6 4. Bg2 Bg7 5. O-O O-O 6. b3 b6 7. Bb2 Bb7 8. c4 e6
9. Nc3 Qe7 10. d5 e5 11. e4 Nxe4 12. Nxe4 fxe4 13. Nd2 d6 14. Nxe4 Bc8 15. c5
bxc5 16. Nxc5 dxc5 17. d6 cxd6 18. Bxa8 Be6 19. Qd2 Nd7 20. Bg2 Nb6 21. f4 exf4
22. Bxg7 Kxg7 23. Rxf4 Rxf4 24. Qxf4 Qf6 25. Rd1 Qxf4 26. gxf4 d5 27. Rc1 Nd7
28. Bf1 Kf6 29. Bb5 Nb6 30. Rxc5 Kf5 31. Rc7 Kxf4 32. Rxa7 Bf5 33. Kf2 d4 34.
Bc6 Nc8 35. Rxh7 Nd6 36. a4 g5 37. Re7 Bc2 38. Re6 Nf5 39. a5 g4 40. a6 d3 41.
Re1 Bxb3 42. Re4+ 1-0

[Event "Andorra Open"]
[Site "Escaldes"]
[Date "2019.08.02"]
[Round "7.15"]
[White "Richard, Emma"]
[Black "Fluvia Poyatos, Jordi"]
[Result "0-1"]
[WhiteElo "2104"]
[BlackElo "2455"]
[PlyCount "70"]
[EventDate "2019.??.??"]
[EventCountry "AND"]

1. e4 c6 2. Nc3 d5 3. Nf3 Nf6 4. exd5 cxd5 5. d4 Bg4 6. h3 Bxf3 7. Qxf3 e6 8.
Bb5+ Nc6 9. O-O Qb6 10. Qd3 Rc8 11. Bg5 Be7 12. Ne2 O-O 13. c3 a6 14. Ba4 Qxb2
15. Bc2 Nb4 16. cxb4 Qxc2 17. Qe3 Qf5 18. Ng3 Qg6 19. h4 h6 20. Bxf6 Qxf6 21.
a3 Qxh4 22. f4 Bf6 23. Rad1 Rc4 24. Ne2 Qg4 25. Rf3 Rfc8 26. Rd2 g6 27. Rh3 h5
28. Kh2 Rc2 29. Ng3 R2c3 30. Qf2 Rxa3 31. Nf1 Rxh3+ 32. gxh3 Qf5 33. Ng3 Qb1
34. Rb2 Qc1 35. Rd2 Bh4 0-1

[Event "Andorra Open"]
[Site "Escaldes"]
[Date "2019.08.02"]
[Round "7.16"]
[White "Aloma Vidal, Robert"]
[Black "Morros Faura, Ricard"]
[Result "1-0"]
[WhiteElo "2419"]
[BlackElo "2258"]
[PlyCount "131"]
[EventDate "2019.??.??"]
[EventCountry "AND"]

1. d4 Nf6 2. c4 e6 3. Nf3 b6 4. a3 Bb7 5. Nc3 Ne4 6. Nxe4 Bxe4 7. Bf4 Be7 8. e3
O-O 9. Bd3 Bxd3 10. Qxd3 d6 11. O-O Nd7 12. h3 Bf6 13. Bg3 Re8 14. Nd2 e5 15.
Ne4 Bh4 16. Bh2 Qe7 17. Nc3 Qe6 18. Nb5 e4 19. Qe2 Bd8 20. b4 a6 21. Nc3 Nf6
22. Rfd1 h6 23. b5 a5 24. Na4 Kh7 25. Qa2 g5 26. c5 d5 27. cxb6 cxb6 28. Rac1
Rc8 29. Rxc8 Qxc8 30. Be5 Re6 31. Qb3 Qc4 32. Qxc4 dxc4 33. Rc1 Nd5 34. Rxc4 f6
35. Bb8 Kg6 36. Nc3 Nxc3 37. Rxc3 Re7 38. a4 Rd7 39. Rc6 Kf7 40. g4 Ke7 41. Kf1
Rb7 42. Bd6+ Ke8 43. Ke2 Rh7 44. Kd2 Kd7 45. Bb8 Ke8 46. d5 Rd7 47. d6 f5 48.
gxf5 Rf7 49. Bc7 Rxf5 50. Rxb6 Kd7 51. Ke2 h5 52. Rb7 Bxc7 53. dxc7 Kc8 54. Ra7
Rf6 55. Rxa5 Kxc7 56. Ra7+ Kb8 57. Re7 Rf3 58. b6 Rf5 59. Rxe4 Kb7 60. Rb4 Rc5
61. Kf3 Rc3 62. Rb5 g4+ 63. hxg4 hxg4+ 64. Kg3 Ra3 65. a5 Ra4 66. Rg5 1-0

[Event "Andorra Open"]
[Site "Escaldes"]
[Date "2019.08.02"]
[Round "7.17"]
[White "Suarez Uriel, Adrian"]
[Black "Ros Alonso, Jaume"]
[Result "1-0"]
[WhiteElo "2392"]
[BlackElo "2178"]
[PlyCount "79"]
[EventDate "2019.??.??"]
[EventCountry "AND"]

1. e4 c5 2. Nf3 e6 3. b3 d6 4. Bb2 Nf6 5. e5 dxe5 6. Nxe5 Be7 7. Qf3 O-O 8. Bd3
Nbd7 9. Nxd7 Bxd7 10. Na3 Bc6 11. Qg3 Bd6 12. Qh3 e5 13. O-O-O Re8 14. Bb5 Bxb5
15. Nxb5 Bb8 16. Rhe1 a6 17. Nc3 b5 18. d3 Qb6 19. g4 b4 20. Ne4 Nd5 21. Qf3
Bc7 22. h4 Rad8 23. g5 a5 24. a4 bxa3 25. Bxa3 Nb4 26. Qe3 Rd5 27. Rg1 Kh8 28.
Qf3 Rb8 29. Qxf7 Rd4 30. h5 h6 31. Bxb4 Rxb4 32. Nf6 e4 33. Nd5 Qc6 34. Qxc7
Qxd5 35. dxe4 Qa8 36. gxh6 R4b7 37. hxg7+ Kg8 38. Qe5 Qa6 39. Qd5+ Rf7 40. Qd8+
1-0

[Event "Andorra Open"]
[Site "Escaldes"]
[Date "2019.08.02"]
[Round "7.18"]
[White "Laliena Solanes, Luis"]
[Black "Mosquera, Miguel"]
[Result "1/2-1/2"]
[WhiteElo "2175"]
[BlackElo "2385"]
[PlyCount "71"]
[EventDate "2019.??.??"]
[EventCountry "AND"]

1. d4 d5 2. Bf4 Nf6 3. e3 c5 4. c3 Nc6 5. Nd2 Qb6 6. Qb3 c4 7. Qc2 e6 8. Be2
Be7 9. h3 Qa5 10. Ngf3 b5 11. Ne5 Nxe5 12. Bxe5 Bd7 13. Bf3 O-O 14. O-O b4 15.
a3 bxa3 16. bxa3 Ba4 17. Qc1 Rac8 18. Qb2 Nd7 19. Bg3 Nb6 20. e4 Rfd8 21. exd5
Nxd5 22. Rac1 Bg5 23. h4 Bh6 24. Bxd5 Qxd5 25. Rfe1 f6 26. Ne4 e5 27. dxe5 fxe5
28. Qe2 Rf8 29. Qg4 Rce8 30. Ng5 Bc6 31. f3 Bxg5 32. hxg5 e4 33. fxe4 Rxe4 34.
Rxe4 Qxe4 35. Qxe4 Bxe4 36. Re1 1/2-1/2

[Event "Andorra Open"]
[Site "Escaldes"]
[Date "2019.08.02"]
[Round "7.19"]
[White "Orteu Capdevila, Max"]
[Black "Vega Gutierrez, Sabrina"]
[Result "1-0"]
[WhiteElo "2173"]
[BlackElo "2385"]
[PlyCount "125"]
[EventDate "2019.??.??"]
[EventCountry "AND"]

1. c4 e5 2. g3 Nc6 3. Nc3 g6 4. Bg2 Bg7 5. d3 d6 6. e3 Be6 7. Nge2 Qd7 8. h3
Nge7 9. Nd5 Nc8 10. Rb1 Nd8 11. b3 c6 12. e4 f5 13. Ne3 Ne7 14. d4 exd4 15.
Nxd4 fxe4 16. Nxe6 Qxe6 17. Bb2 Bxb2 18. Rxb2 Nf7 19. Qd4 Nf5 20. Nxf5 gxf5 21.
O-O Qe5 22. Rd2 O-O 23. Qxe5 dxe5 24. Rd7 Rab8 25. Rfd1 Ng5 26. Re7 Rfe8 27.
Rdd7 Rxe7 28. Rxe7 Nf7 29. g4 Kf8 30. Rc7 fxg4 31. hxg4 Ng5 32. Kf1 a5 33. Ke2
b5 34. Rxc6 a4 35. c5 axb3 36. axb3 Ra8 37. Rb6 Ra2+ 38. Ke3 Ra1 39. Rxb5 Re1+
40. Kd2 Rg1 41. c6 Ke7 42. Rxe5+ Kd6 43. Rxg5 Rxg2 44. Ke2 Rg1 45. Rc5 Kc7 46.
b4 Rxg4 47. Ke3 Rg7 48. Kxe4 h5 49. Rxh5 Kxc6 50. f4 Rg1 51. Re5 Rb1 52. b5+
Kd6 53. Kf5 Rb4 54. Kg5 Rc4 55. Rf5 Ke7 56. Kg6 Rb4 57. Kg7 Rb1 58. Re5+ Kd6
59. Kf6 Rh1 60. Re6+ Kd5 61. f5 Rh6+ 62. Kf7 Rh7+ 63. Kg6 1-0

[Event "Andorra Open"]
[Site "Escaldes"]
[Date "2019.08.02"]
[Round "7.20"]
[White "Rendle, Thomas E"]
[Black "Maddens, Martijn"]
[Result "1-0"]
[WhiteElo "2372"]
[BlackElo "2148"]
[PlyCount "41"]
[EventDate "2019.??.??"]
[EventCountry "AND"]

1. e4 c5 2. Nc3 d6 3. f4 Nc6 4. Nf3 g6 5. Bc4 Bg7 6. O-O Nf6 7. d3 O-O 8. Qe1
Bg4 9. f5 gxf5 10. Qh4 Bxf3 11. Rxf3 Ne5 12. Rxf5 e6 13. Rg5 Ng6 14. Qf2 a6 15.
Bb3 b5 16. a3 Rc8 17. Be3 Kh8 18. Kh1 Nd7 19. Rh5 Bf6 20. Qf3 Rg8 21. Rxh7+ 1-0

[Event "Andorra Open"]
[Site "Escaldes"]
[Date "2019.08.02"]
[Round "7.21"]
[White "Viers, Emmanuel"]
[Black "Vogt, Lothar"]
[Result "0-1"]
[WhiteElo "2167"]
[BlackElo "2360"]
[PlyCount "86"]
[EventDate "2019.??.??"]
[EventCountry "AND"]

1. d4 Nf6 2. Nc3 d5 3. Nf3 c5 4. dxc5 e6 5. e4 Bxc5 6. exd5 Nxd5 7. Ne4 Be7 8.
c4 Nb4 9. a3 Qxd1+ 10. Kxd1 N4c6 11. Bf4 O-O 12. Kc2 Nd7 13. Bd6 Bxd6 14. Nxd6
Nf6 15. Rd1 e5 16. h3 b6 17. b4 Rd8 18. c5 bxc5 19. bxc5 Be6 20. Bb5 Na5 21.
Ba4 Nd7 22. c6 Nb6 23. c7 Nxa4 24. cxd8=Q+ Rxd8 25. Rb1 f6 26. Rhd1 Nc5 27. Kc3
Nc6 28. Nb7 Rxd1 29. Rxd1 Nxb7 30. Nd2 Nd6 31. a4 a5 32. f3 Kf7 33. Nb3 Bxb3
34. Rxd6 Bxa4 35. Kc4 Ke7 36. Kc5 Nd4 37. Ra6 Bd7 38. Kd5 a4 39. Ra7 Ne2 40.
Ke4 Nf4 41. g3 Nxh3 42. f4 exf4 43. gxf4 Nf2+ 0-1

[Event "Andorra Open"]
[Site "Escaldes"]
[Date "2019.08.02"]
[Round "7.22"]
[White "Vega Gutierrez, Belinda"]
[Black "Berkovich, Mark A"]
[Result "0-1"]
[WhiteElo "2133"]
[BlackElo "2338"]
[PlyCount "78"]
[EventDate "2019.??.??"]
[EventCountry "AND"]

1. e4 c6 2. d4 d5 3. Nc3 dxe4 4. Nxe4 Bf5 5. Ng3 Bg6 6. h4 h6 7. Nf3 Nd7 8. h5
Bh7 9. Bd3 Bxd3 10. Qxd3 e6 11. Bf4 Qa5+ 12. Bd2 Bb4 13. c3 Be7 14. Ne4 Ngf6
15. c4 Qa6 16. Ne5 Rd8 17. Qe2 Nxe4 18. Qxe4 Nxe5 19. dxe5 O-O 20. Bc3 b5 21.
Rh3 bxc4 22. Rg3 Rd3 23. Rg4 Rfd8 24. Qxc4 Qb5 25. a4 Qb6 26. Ke2 R3d5 27. Rg3
Rc5 28. Qg4 Bg5 29. Rd1 Rxd1 30. Kxd1 Qb3+ 31. Ke1 Rc4 32. Qe2 Qxa4 33. Qd3
Re4+ 34. Re3 Bxe3 35. fxe3 Qc4 36. Qd8+ Kh7 37. Kf2 Rg4 38. Qd7 Rg5 39. Qxa7
Qe4 0-1

[Event "Andorra Open"]
[Site "Escaldes"]
[Date "2019.08.02"]
[Round "7.23"]
[White "Purton, Ben J"]
[Black "Blom, Vincent"]
[Result "1/2-1/2"]
[WhiteElo "2118"]
[BlackElo "2306"]
[PlyCount "97"]
[EventDate "2019.??.??"]
[EventCountry "AND"]

1. e4 c6 2. d4 d5 3. Nc3 dxe4 4. Nxe4 Bf5 5. Ng3 Bg6 6. h4 h6 7. Nf3 Nd7 8. h5
Bh7 9. Bd3 Bxd3 10. Qxd3 e6 11. Bd2 Bd6 12. O-O-O Qc7 13. Ne4 Bf4 14. Rde1
O-O-O 15. Qa3 Bxd2+ 16. Nfxd2 Kb8 17. Qd6 Ndf6 18. Qxc7+ Kxc7 19. c3 Rd5 20. g4
Nxe4 21. Nxe4 Nf6 22. f3 Nxe4 23. Rxe4 Rhd8 24. Rhe1 R8d6 25. f4 Kd7 26. f5 Ke7
27. Kc2 c5 28. dxc5 Rxc5 29. b4 Rcd5 30. R1e2 b5 31. Rf2 e5 32. Rfe2 f6 33. Kb3
Rc6 34. R2e3 Rd1 35. a4 a6 36. axb5 axb5 37. Kc2 Rcd6 38. c4 R6d2+ 39. Kc3 bxc4
40. Kxc4 Kd7 41. Ra3 Kc6 42. Ra6+ Kb7 43. Re6 Rd7 44. Kb5 R1d5+ 45. Kc4 R5d6
46. Kc5 Kc7 47. Rxd6 Rxd6 48. Re1 Rc6+ 49. Kb5 1/2-1/2

[Event "Andorra Open"]
[Site "Escaldes"]
[Date "2019.08.02"]
[Round "7.24"]
[White "Trouve, Guillaume"]
[Black "Gomez Anadon, Daniel"]
[Result "1/2-1/2"]
[WhiteElo "2114"]
[BlackElo "2305"]
[PlyCount "141"]
[EventDate "2019.??.??"]
[EventCountry "AND"]

1. e4 c5 2. Nf3 d6 3. d4 cxd4 4. Nxd4 Nf6 5. Nc3 a6 6. h3 e5 7. Nde2 h5 8. g3
Be7 9. Bg2 b5 10. Nd5 Nxd5 11. Qxd5 Ra7 12. Be3 Rb7 13. O-O-O Nd7 14. f4 Qc7
15. fxe5 dxe5 16. Qd2 b4 17. g4 h4 18. g5 g6 19. Bf3 Nc5 20. Bxc5 Qxc5 21. Kb1
Rd7 22. Qc1 Rxd1 23. Qxd1 Bxg5 24. Nc1 O-O 25. Nd3 Qd4 26. Qg1 Be3 27. Qe1 a5
28. Qxh4 Be6 29. Rd1 Qc4 30. b3 Qc7 31. Bg4 Rc8 32. Ne1 Bxg4 33. Qxg4 Bd4 34.
Qg3 Qc6 35. Qd3 Qf6 36. Qe2 Rc3 37. Nd3 Rc7 38. Nb2 Qh4 39. Rd3 Rc3 40. Nd1
Rxd3 41. Qxd3 Qf4 42. a3 Kg7 43. axb4 axb4 44. Qe2 Kh6 45. Nb2 Qg3 46. Nd3 Qg1+
47. Qe1 Qxe1+ 48. Nxe1 Kg5 49. c4 bxc3 50. Kc2 Kf4 51. Kd3 g5 52. b4 Ba7 53. b5
Kg3 54. Kxc3 Kxh3 55. Kc4 g4 56. Kd5 g3 57. Kxe5 Bf2 58. Nd3 Bb6 59. Kf6 Kg4
60. Ne1 Ba5 61. Ng2 Kf3 62. Kxf7 Kxg2 63. e5 Kf3 64. e6 Bb4 65. b6 g2 66. b7
Bd6 67. e7 g1=Q 68. e8=Q Qg3 69. Qc6+ Kg4 70. Qe4+ Qf4+ 71. Qxf4+ 1/2-1/2